000 00692nam a22001697a 4500
005 20251108171211.0
008 250721s1995 xx 000 0 ara d
082 1 4 _a327.730564/محم
100 1 _aربيع، محمد عبد العزيز
245 1 0 _aالحوار الفلسطيني الأمريكي :
_bالدبلوماسية السرية و الإتصالات الفلسطينيه الإسرائيلية /
264 1 _aعمان :
_bدار الجليل للنشر والدراسات و الإبحاث الفلسطينيه،
_c1995.
300 _a280ص
650 1 7 _aالعلاقات الدولية
650 1 7 _aالولايات المتحدة
942 _2ddc
_cBK
999 _c59156
_d59156